000 00614nam a2200205 a 4500
001 000006468
003 OSt
005 20201028153525.0
008 090831s 1999 dr 000 0 spa d
020 _a8495119056
040 _aDO-SdBNP
_bspa
_cBNPHU
049 _aBNPD
082 _axxx
_bC577a
100 1 _aCiprián, Rafael,
_914522
_d1959-
245 1 3 _aEl abogado del Estado y fiscal ante el tribunal de tierras :
_b(competencias y atribuciones) /
_cRafael Ciprián.
260 _aSanto Domingo :
_bAlfa y Omega,
_c1999.
300 _a206 p. ;
_c22 cm.
504 _aBibliografía : p. 203-206
942 _2ddc
_cLBS1
999 _c6261
_d6261